Námety na formovanie spoločenského uznania mladých výskumníkov

Nový prístup k spoločenskému uznaniu, ktorý by umožnil jeho formovanie a návrh jednoduchej metodiky hodnotenia výstupov mladých výskumníkov, ktorá by podporila ich zviditeľňovanie.

Enregistré dans:
Détails bibliographiques
Auteur principal: Antalová, Mária, 1952-
Format: Chapitre de livre
Langue:slovaque
Sujets:
Tags: Ajouter un tag
Pas de tags, Soyez le premier à ajouter un tag!

MARC

LEADER 00000naa a2200000 4500
001 0258775
005 20240502074109.0
041 0 |a slo 
044 |a SK 
245 1 0 |a Námety na formovanie spoločenského uznania mladých výskumníkov  |c Mária Antalová 
520 |a Nový prístup k spoločenskému uznaniu, ktorý by umožnil jeho formovanie a návrh jednoduchej metodiky hodnotenia výstupov mladých výskumníkov, ktorá by podporila ich zviditeľňovanie. 
610 2 0 |a hodnotenie výskumu 
610 2 0 |a kariéra 
610 2 0 |a veda 
610 2 0 |a rozvoj pracovníkov 
610 2 0 |a postavenie spoločenské 
100 1 |a Antalová, Mária, 1952-